| 000 | 00860cam a22002652 4500 | ||
|---|---|---|---|
| 001 | 0000020840 | ||
| 005 | 20151217152223.0 | ||
| 008 | 111021s xx 000 0 eng d | ||
| 020 | _a0071457437 : | ||
| 040 |
_aKABU _cKABU |
||
| 245 | 1 | 0 |
_aHarrison's rheumatology / _ceditor, Anthony S. Fauci. |
| 250 | _a1st ed. | ||
| 260 |
_aNew York : _bMcGraw-Hill, _c2006. |
||
| 300 | _ax, 359 p. | ||
| 650 | 0 |
_aRheumatology. _@0000181459 |
|
| 650 | 0 |
_aRheumatism. _@0000181460 |
|
| 650 | 0 |
_aArthritis. _@0000181461 |
|
| 700 | 1 |
_aFauci, Anthony S. _@0000180450 |
|
| 852 | 1 | _9p3,500 KES | |
| 852 | 1 | _9p3,500 KES | |
| 852 | 1 | _9p3,500 KES | |
| 908 | _a111021 | ||
| 950 | _@1 | ||
| 999 |
_c9528 _d9528 |
||